000 00460nam a2200145Ia 4500
008 180901s9999 xx 000 0 und d
020 _a9780702069352
100 _aGoh,Vicky.
245 _cVicky Goh, Andreas Adam.--
_aGrainger & Allison's diagnostic radiology :
_boncological imaging /
250 _a6th ed
260 _aUSA :
_bElsevier
_c2016
300 _avii, 133 pages :
_billustrations.
650 _aCancer -- Diagnosis.
650 _aMedical radiology.
999 _c358523
_d358523